000 00693cam a22002413a 4500
001 31448
003 PGUSA
005 20140828083659.0
008 100228s2010||||xxu|||||s|||||000 | eng d
040 _aPGUSA
_beng
042 _adc
050 4 _aQH
100 1 _aBaker, Rollin H.
_q(Rollin Harold),
_d1916-2007
245 1 0 _aMammals from Tamaulipas, Mexico
_h[electronic resource] /
_cRollin H. Baker
260 _bProject Gutenberg,
_c2010
506 _aPublic domain in the USA.
516 _aElectronic text
653 _aRodents
653 _aMammals -- Mexico -- Tamaulipas
830 0 _aProject Gutenberg
_v31448
856 4 0 _uhttp://www.gutenberg.org/ebooks/31448
942 _cEB
999 _c260703
_d260703